Alcora Statuettes after Bronzes by Giovanni Bologna (Record no. 2439)

MARC details
000 -CABECERA
campo de control de longitud fija 00704nam a2200229 a 4500
001 - NÚMERO DE CONTROL
campo de control BRCA_2699
005 - FECHA Y HORA DE LA ÚLTIMA TRANSACCIÓN
campo de control 20190320203929.0
008 - DATOS DE LONGITUD FIJA--INFORMACIÓN GENERAL
campo de control de longitud fija 021208s1957----nyua---###---#000-0#eng-u
041 ## - CÓDIGO DE LENGUA
Código de lengua del texto/banda sonora o título independiente eng
044 ## - CÓDIGO DEL PAÍS DE LA ENTIDAD EDITORA/PRODUCTORA
Código MARC del país nyu
050 #4 - SIGNATURA TOPOGRÁFICA DE LA BIBLIOTECA DEL CONGRESO
Número de clasificación NK4660
Número de documento/Ítem .F76 1957
100 1# - ENTRADA PRINCIPAL--NOMBRE DE PERSONA
Nombre de persona Frothingham, Alice Wilson
9 (RLIN) 7642
245 10 - MENCIÓN DE TÍTULO
Título Alcora Statuettes after Bronzes by Giovanni Bologna
Mención de responsabilidad, etc. by Alice Wilson Frothingham.
260 ## - PUBLICACIÓN, DISTRIBUCIÓN, ETC.
Lugar de publicación, distribución, etc. New York
Nombre del editor, distribuidor, etc. The Hispanic Society of America
Fecha de publicación, distribución, etc. 1957
300 ## - DESCRIPCIÓN FÍSICA
Extensión p. 59-63
Otras características físicas il.
Dimensiones 31 cm.
500 ## - NOTA GENERAL
Nota general Reimpreso de ´The Connoisseur´, marzo 1957
500 ## - NOTA GENERAL
Nota general AA49
600 14 - PUNTO DE ACCESO ADICIONAL DE MATERIA--NOMBRE DE PERSONA
Nombre de persona Bologna, Giovanni
Fechas asociadas al nombre 1529-1608
9 (RLIN) 7643
650 14 - PUNTO DE ACCESO ADICIONAL DE MATERIA--TÉRMINO DE MATERIA
Término de materia o nombre geográfico como elemento de entrada Cerámica
Subdivisión geográfica Alcora, España
9 (RLIN) 7257
902 ## - CATALOGADOR
Iniciales GFM
942 ## - ELEMENTOS DE PUNTO DE ACCESO ADICIONAL (KOHA)
Fuente del sistema de clasificación o colocación Library of Congress Classification
Tipo de ítem Koha Libros
Holdings
Estado de retiro Estado de pérdida Estado dañado No para préstamo Localización permanente Ubicación/localización actual Fecha de adquisición Número de inventario Total de préstamos Signatura topográfica completa Código de barras Fecha visto por última vez Precio válido a partir de Tipo de ítem Koha
El ejemplar forma parte de la colección y puede ser consultado según las políticas vigentes.       Biblioteca del Museo Franz Mayer (Rogerio Casas-Alatriste) Biblioteca del Museo Franz Mayer (Rogerio Casas-Alatriste) 02/12/2008 AA49   NK4660 .F76 1957 (AA49) 2696 22/03/2019 22/03/2019 Libros